000 00907nam a2200217 a 4500
008 100129s1997 ||||||||||||||||| || u
020 _a9139000788
050 _aK 100 Leg
100 _aSevastik, Per
245 1 0 _aLegal assistance to developing countries: Swedish perspective on the rule of of law
_cedited by Per Sevastik
260 _aStockholm
_bKluwer Law International
_c1997
300 _a227p.: ill
350 _a0.00
650 _aLAW
650 _aLAW--STUDY AND TEACHING--DEVELOPING COUNTRIES
650 _aLAW--STUDY AND TEACHING--VIETNAM
650 _aRULE OF LAW--STUDY AND TEACHING--DEVELOPING COUNTRIES
650 _aRULE OF LAW--STUDY AND TEACHING--VIETNAM
650 _aTECHNICAL ASSSITANCE, SWEDISH--VIETNAM
995 _D0.00
_FCBU-MAIN LIBRARY (Kitwe)
_H1
_I0.00
_M1
_UAVAILABLE
_WJan 29, 2010
_ZAnnex Low-Usage Collection
999 _c49073
_d49073